| 000 | 00398nam a2200157Ia 4500 | ||
|---|---|---|---|
| 008 | 230711s9999||||xx |||||||||||||| ||und|| | ||
| 041 | _aENG | ||
| 082 |
_a5 _bRA-O |
||
| 100 | _aRajaraman,A | ||
| 245 | 0 | _aObject-oriented application in engineering design | |
| 250 | _a1st . Ed. | ||
| 260 |
_c2003 _aNew Delhi _bManoj Pocket Books |
||
| 300 | _a153 | ||
| 650 | _aComputer Engineering | ||
| 942 | _cBK | ||
| 999 |
_c4860 _d4860 |
||